| 000 | 00365nam a2200097Ia 4500 | ||
|---|---|---|---|
| 082 | _aR 423 OLSE | ||
| 245 | 0 | _aThe big book of words you should know : over 3,000 words every person should be able to use (and a few that you probably shouldn't) | |
| 100 |
_a Olsen, David Avon, MA, [c.2009] _976443 |
||
| 942 | _cBK | ||
| 008 | 210817s9999 xx 000 0 und d | ||
| 999 |
_c254408 _d254407 |
||